000 00704cam a2200157 4500500
005 20260201095834.0
041 _afre
042 _adc
100 1 0 _aPerrot, Étienne
_eauthor
245 0 0 _aCommission sociale des évêques de France, Repères dans une économie mondialisée, Bayard, Cerf, Fleurus, 2005, 64 p, 6,5 €
260 _c2005.
500 _a91
520 _aResumé Dans la quête de justice, il y a une temsion entre les aspirations à l’exactitude et une reconnaissance plus fondamentale et gratuite.
786 0 _nRevue Projet | 289 | 6 | 2005-06-01 | p. 091g-094g | 0033-0884
856 4 1 _uhttps://shs.cairn.info/revue-projet-2005-6-page-091g?lang=fr&redirect-ssocas=7080
999 _c1640871
_d1640871